في آفاق العمل الإسلامي والسياسة الشرعية : (رقم التسجيلة. 4660)
[ عرض عادي ]
| 000 -الفاتح | |
|---|---|
| عناصر البيانات ثابتة الطول | 00754cam a2200193 i 4500 |
| 005 - تاريخ ووقت آخر معاملة | |
| حقل ضبط | 20251228084919.0 |
| 008 - عناصر البيانات ثابتة الطول | |
| عناصر البيانات ثابتة الطول | 250721s1994 jo gr 000 0 ara d |
| 082 14 - رقم تصنيف ديوي العشري | |
| رقم التصنيف | 218,52 |
| رقم المادة | ع ظ م |
| 100 1# - مدخل رئيسي – اسم شخصي | |
| الاسم الشخصي | العظم، يوسف |
| علاقة الشخص بالعمل/ دوره | مؤلف. |
| 245 10 - بيان العنوان | |
| العنوان | في آفاق العمل الإسلامي والسياسة الشرعية : |
| بقية العنوان | أحكام شرعية و مسيرة حركية وتجربة حياتية / |
| بيان المسؤولية | تأليف يوسف العظم. |
| 250 ## - بيان الطبعة | |
| بيان الطبعة | الطبعة الأولى. |
| 264 31 - بيانات النشر، التوزيع…إلخ | |
| مكان النشر، التوزيع...إلخ | عمان : |
| اسم الناشر، الموزع...إلخ | دار المنار للنشر والتوزيع، |
| تاريخ النشر، التوزيع...إلخ | 1994. |
| 300 ## - الوصف المادي | |
| عدد الوحدات المكونة للوعاء | 206 صفحة. |
| 650 17 - مدخل إضافي بالموضوع - مصطلح موضوعي | |
| مصطلح موضوعي أو اسم جغرافي كعنصر مدخل | الدعوة الإسلامية. |
| 650 17 - مدخل إضافي بالموضوع - مصطلح موضوعي | |
| مصطلح موضوعي أو اسم جغرافي كعنصر مدخل | القيادة. |
| 650 17 - مدخل إضافي بالموضوع - مصطلح موضوعي | |
| مصطلح موضوعي أو اسم جغرافي كعنصر مدخل | الإسلام. |
| 942 ## - بيانات إضافية (كوها) | |
| نوع التنصيف | Dewey Decimal Classification |
| نوع المادة (كوها) | كتب |
| حالة السحب | حالة الفقدان | مصدر التصنيف | حالة التلف | غير قابل للإعارة | المكتبة الرئيسية | المكتبة الحالية | موقع الرف | تاريخ التزويد | الرقم المتسلسل | Total Checkouts | رقم الإستدعاء | تاريخ آخر ظهور | تاريخ الفاتورة | نوع المادة (كوها) | الباركود | العملة |
|---|---|---|---|---|---|---|---|---|---|---|---|---|---|---|---|---|
| Dewey Decimal Classification | Unchecked | المكتبة المركزية | المكتبة المركزية | الإعارة | 06/07/2004 | 188803 | 218,52/عظم | 28/07/2025 | 06/07/2004 | كتب | ||||||
| Dewey Decimal Classification | المكتبة المركزية | المكتبة المركزية | 24/12/2025 | 188801 | 218,52 ع ظ م | 24/12/2025 | 24/12/2025 | كتب | PLD188801 | JOD | ||||||
| Dewey Decimal Classification | المكتبة المركزية | المكتبة المركزية | الإعارة | 28/12/2025 | 188802 | 218,52 / ع ظ م | 28/12/2025 | 28/12/2025 | كتب | PLD188802 | JOD | |||||
| Dewey Decimal Classification | مكتبة النصر العامة | مكتبة النصر العامة | الإعارة | 09/11/2014 | [6144 | 218,52/عظم | 28/07/2025 | 09/11/2014 | كتب | PLD00309795 | ||||||
| Dewey Decimal Classification | مكتبة صويلح العامة | مكتبة صويلح العامة | الإعارة | 10/12/2015 | [08434 | 218,52/عظم | 28/07/2025 | 10/12/2015 | كتب | PLD00367904 |